| 000 | 00569nam a2200193 a 4500 | ||
|---|---|---|---|
| 001 | 000021672 | ||
| 005 | 20200930011415.0 | ||
| 008 | 100909s1989 cu r 000 | spa d | ||
| 040 |
_aDO-SdBNP _bspa _cBNPHU |
||
| 082 |
_aCu863.44 _bA275r |
||
| 100 | 1 |
_aAgostini, Victor _945088 |
|
| 245 | 1 | 0 |
_aRecuento / _cVictor Agostini; edición, Margarita Canet. |
| 260 |
_aLa Habana : _bLetras Cubanas, _c1989. |
||
| 300 |
_a200 p. ; _a18 cm. |
||
| 650 | 4 |
_aCuentos cubanos _91482 |
|
| 650 | 4 |
_aLiteratura cubana _91483 |
|
| 700 | 1 |
_aCanet, Margarita _eed. _938026 |
|
| 049 | _aBNGR | ||
| 999 |
_c21171 _d21171 |
||